[Event "BAN-chB 41st"]
[Site "Dhaka"]
[Date "2015.10.16"]
[Round "2"]
[White "Abu, Reza"]
[Black "Hossain, Zakir Pannu"]
[Result "1-0"]
[WhiteElo "1904"]
[BlackElo "1779"]
[PlyCount "41"]
[EventDate "2015.10.15"]
[EventType "swiss"]
[EventRounds "11"]
[EventCountry "BAN"]
[SourceTitle "CBM 169 Extra"]
[Source "ChessBase"]
[SourceDate "2015.12.18"]
[SourceVersion "1"]
[SourceVersionDate "2015.12.18"]
[SourceQuality "1"]

1. e4 g6 2. Nf3 Bg7 3. c3 d6 4. h3 f5 5. exf5 Bxf5 6. Qb3 Qc8 7. Bc4 e6 8. g4 d5 9. gxf5 dxc4 10. Qxc4 Ne7 11. Qxe6 Qxe6+ 12. fxe6 0-0 13. Ke2 Nbc6 14. d4 Rf6 15. Be3 Rxe6 16. Nbd2 Nd5 17. Kd3 Nxe3 18. fxe3 Rae8 19. Rae1 Bh6 20. e4 Bxd2 21. Nxd2 1-0